000 00629nam a2200217Ia 4500
005 20250508165016.0
008 008 250505s9999 xx 000 0 eng d
020 _a81-85569-20-7
037 _aTextual
040 _aFEDL
_beng
_cFEDL
041 _aeng
_2eng
084 _a371.21, MOY
_qFEDL
100 _aMoyles Janet R
_9779693
245 0 _aJust playing?: The role and status of play in early childhood education
260 _aMilton Keynes
_bOpen University Press
_c1989
300 _axii190p.
365 _aGBP
_b9.99
546 _aMACESE
942 _cTEXL
_h371.21, MOY
999 _c1392634
_d1392634